Introduction a la science administrative: les administrations publiques dans les societés contemporaines

Saved in:
Bibliografiske detaljer
Hovedforfatter: Gournay, Bernard (Author)
Format: Bog
Sprog:fransk
Udgivet: París Fondation Nationale des Sciences Politiques 1966
Udgivelse:2a. ed
Serier:Fondation Nationale des Sciences Politiques, 139
Fag:
Tags: Tilføj Tag
Ingen Tags, Vær først til at tagge denne postø!

MARC

LEADER 00000nam a2200000 a 4500
001 UCS5369
003 CL-VaPUC
008 970830e19660000FR |||||||||||||||||fre|d
082 0 4 |a 342.06  |b GOU  |2 21 
100 |a Gournay, Bernard  |e author  |9 391143 
245 1 0 |a Introduction a la science administrative: les administrations publiques dans les societés contemporaines 
250 |a 2a. ed 
300 |a 307 p 
942 |c BK 
945 |d 19970830 00:00:00  |a lriquelm 
260 |a París  |b Fondation Nationale des Sciences Politiques  |c 1966 
650 0 |a Derecho administrativo  |9 254851 
650 7 |a FUNCIONES DE LA ADMINISTRACION  |2 CL-VaPUC  |9 391144 
650 0 |a Administración  |9 259325 
650 7 |a SOCIEDAD ADMINISTRATIVA  |2 CL-VaPUC  |9 391145 
650 0 |a Regímenes políticos  |9 255513 
650 7 |a GRUPOS DE PRESION  |2 CL-VaPUC  |9 255505 
650 0 |a Ideologías políticas   |9 255735 
651 0 |a Francia  |9 255157 
583 |a last modification  |c 19970830 00:00:00  |k Rodrigo Vera 
490 0 |a Fondation Nationale des Sciences Politiques, 139 
999 |c 261882  |d 261880 
952 |0 0  |1 0  |4 0  |6 342_060000000000000_GOU_1966  |7 0  |8 A  |9 289789  |a BIBDER  |b BIBDER  |d 2019-11-19  |i 1876848  |o 342.06 GOU 1966  |p 1876848  |r 2023-01-25  |w 2019-11-19  |y BK  |k DER